| 000 | 01079nam a22003137a 4500 | ||
|---|---|---|---|
| 999 |
_c29449 _d29420 |
||
| 003 | EG-ScBUE | ||
| 005 | 20210920142728.0 | ||
| 008 | 210920s2020 ua o f 000 0 ara d | ||
| 017 | _a2020/7540 | ||
| 020 | _a9789779071244 | ||
| 040 |
_aEG-ScBUE _bara _cEG-ScBUE _dEG-ScBUE _erda |
||
| 043 | _af-ua--- | ||
| 082 | 0 | 4 |
_a962 _bخ م ي _222 |
| 100 | 1 |
_aخميس، محمد فريد، _d1940-2020، _eمؤلف. |
|
| 245 | 1 | 0 |
_aمصر التي أتمناها / _cمحمد فريد خميس ؛ تقديم د. مصطفى الفقي. |
| 250 | _aالطبعة الثانية. | ||
| 264 | 1 |
_aالقاهرة : _bأكاديمية الشروق، _c2020. |
|
| 300 |
_a200 صفحة : _bصور ؛ _c24 سم |
||
| 336 |
_2rdacontent _aنص _btxt |
||
| 337 |
_2rdamedia _aبدون وسيط _bn |
||
| 338 |
_2rdacarrier _aمجلد _bnc |
||
| 541 | _cDonation. | ||
| 651 | 7 |
_aمصر _xتاريخ. _2BUEsh |
|
| 651 | 7 |
_aمصر _xتاريخ سياسي. _2BUEsh |
|
| 653 |
_bGGEN _cSeptember2021 |
||
| 655 |
_vReading book _934232 |
||
| 700 | 1 |
_aالفقي، مصطفى، _eمقدم. |
|
| 942 | _2ddc | ||